Meditaciones metafísicas
Збережено в:
| Автор: | |
|---|---|
| Інші автори: | |
| Формат: | Книга |
| Мова: | Іспанська |
| Опубліковано: |
Buenos Aires
Aguilar
1980
|
| Редагування: | 9a. ed |
| Серія: | Biblioteca de iniciación filosófica, 60
|
| Предмети: | |
| Теги: |
Додати тег
Немає тегів, Будьте першим, хто поставить тег для цього запису!
|
MARC
| LEADER | 00000nam a2200000 a 4500 | ||
|---|---|---|---|
| 001 | UCV7879 | ||
| 003 | CL-VaPUC | ||
| 005 | 20240902144223.0 | ||
| 008 | 891206e19800000AG |||||||||||||||||spa|d | ||
| 999 | |c 213488 |d 213486 | ||
| 040 | |c Pontificia Universidad Católica de Valparaíso | ||
| 082 | 0 | 4 | |a 141 |b DES |2 21 |
| 100 | |a Descartes, René |e autor |9 265906 | ||
| 245 | 1 | 0 | |a Meditaciones metafísicas |
| 250 | |a 9a. ed | ||
| 260 | |a Buenos Aires |b Aguilar |c 1980 | ||
| 300 | |a 124 p | ||
| 490 | 0 | |a Biblioteca de iniciación filosófica, 60 | |
| 583 | |a last modification |c 19891206 00:00:00 |k Rodrigo Vera | ||
| 650 | 0 | |a Metafísica |9 265649 | |
| 700 | 1 | |a Gil Fernández, Juan |e traductor |9 863504 | |
| 942 | |c BK |2 ddc | ||
| 945 | |d 19891206 00:00:00 | ||
| 952 | |0 0 |1 0 |4 0 |6 141_000000000000000_DES_1980 |7 0 |8 A |9 195921 |a BIBARQ |b BIBARQ |d 2019-11-14 |i 2638975 |l 1 |o 141 DES 1980 |p 2638975 |r 2025-01-20 |s 2024-11-04 |w 2019-11-14 |y BK |k ARQ | ||
| 952 | |0 0 |1 0 |4 0 |6 141_000000000000000_DES_1980 |7 0 |8 R |9 195922 |a BIBEDU |b BIBEDU |c MCIRC |d 2019-11-14 |i 1562053 |o 141 DES 1980 |p 1562053 |r 2023-01-13 |w 2019-11-14 |y BK_R |k FIL | ||
| 952 | |0 0 |1 0 |4 0 |6 141_000000000000000_DES_1980 |7 0 |8 R |9 195923 |a BIBEDU |b BIBEDU |c MCIRC |d 2019-11-14 |i 1562061 |l 4 |o 141 DES 1980 |p 1562061 |r 2024-07-03 |s 2024-07-01 |w 2019-11-14 |y BK_R |k FIL | ||
| 952 | |0 0 |1 0 |4 0 |6 141_000000000000000_DES_1980 |7 0 |8 R |9 195924 |a BIBEDU |b BIBEDU |d 2019-11-14 |i 156207K |l 1 |o 141 DES 1980 |p 156207K |r 2023-01-13 |s 2022-04-18 |w 2019-11-14 |y BK_R |k FIL | ||
| 952 | |0 0 |1 0 |4 0 |6 141_000000000000000_DES_1980 |7 0 |8 R |9 195925 |a BIBEDU |b BIBEDU |c MCIRC |d 2019-11-14 |i 1562088 |o 141 DES 1980 |p 1562088 |r 2023-01-13 |w 2019-11-14 |y BK_R |k FIL | ||
| 952 | |0 0 |1 0 |4 0 |6 141_000000000000000_DES_1980 |7 0 |8 A |9 195926 |a BIBDER |b BIBDER |d 2019-11-14 |i 3919404 |l 1 |o 141 DES 1980 |p 3919404 |r 2023-08-31 |s 2023-08-03 |w 2019-11-14 |y BK |k DER | ||